00510nam a2200205 a 4500001001300000003000900013005001700022008004100039020001000080082001700090100002500107245001100132260004500143300000900188500003500197505001000232650002000242650001700262700002500279nice12345678IN_TiNIC20260116013035.0050524s1993 dela grp 000 0 eng  ac35000a297.821bENG aEngineer, Asghar Ali aBohras aDelhi bVikas Pub House Pvt. Ltd. c1993 a335p aincludes index and biblioraphy2 aIndex aShiah-Taqiiyyah aBohras-Islam1 aEngineer, Asghar Ali